[Event "105th ch-GBR 2018"]
[Site "Hull ENG"]
[Date "2018.07.30"]
[Round "3.11"]
[White "Price, Gwilym"]
[Black "Palliser, Richard J D"]
[Result "0-1"]
[BlackTitle "IM"]
[WhiteElo "2085"]
[BlackElo "2418"]
[WhiteFideId "443980"]
[BlackFideId "407372"]
[EventDate "2018.07.28"]

1. e4 c6 2. d4 d5 3. e5 Bf5 4. h4 h5 5. Bd3 Bxd3 6. Qxd3 Qa5+ 7. Nd2 e6 8. Nf3
Nh6 9. O-O Qa6 10. c4 Nd7 11. Qc3 Nf5 12. a4 Be7 13. g3 c5 14. cxd5 exd5 15.
dxc5 Nxc5 16. b4 Qd3 17. Qa3 Qxa3 18. Bxa3 Nxa4 19. Rfc1 b5 20. Nb3 a6 21. Nc5
Nxc5 22. bxc5 Rh6 23. c6 Rc8 24. Bxe7 Nxe7 25. Rxa6 Rhxc6 26. Raxc6 Rxc6 27. Rb1
Rb6 28. Nd4 b4 29. f4 Kd7 30. Kf2 Nc6 31. Nxc6 Kxc6 32. Ke3 b3 0-1

[Event "105th ch-GBR 2018"]
[Site "Hull ENG"]
[Date "2018.07.30"]
[Round "3.12"]
[White "McShane, Luke J"]
[Black "Muir, Andrew J"]
[Result "1-0"]
[WhiteTitle "GM"]
[BlackTitle "IM"]
[WhiteElo "2669"]
[BlackElo "2291"]
[WhiteFideId "404853"]
[BlackFideId "2400138"]
[EventDate "2018.07.28"]

1. e4 c5 2. Nf3 Nc6 3. Bb5 g6 4. Bxc6 dxc6 5. d3 Nf6 6. h3 Bg7 7. Nc3 O-O 8. O-O
Ne8 9. Bf4 Nc7 10. Qd2 Ne6 11. Bh6 Nd4 12. Nxd4 cxd4 13. Ne2 e5 14. Bxg7 Kxg7 1-0

[Event "105th ch-GBR 2018"]
[Site "Hull ENG"]
[Date "2018.07.30"]
[Round "3.13"]
[White "Ghasi, Ameet K"]
[Black "Pritchett, Craig W"]
[Result "1-0"]
[WhiteTitle "IM"]
[BlackTitle "IM"]
[WhiteElo "2494"]
[BlackElo "2274"]
[WhiteFideId "409200"]
[BlackFideId "2400065"]
[EventDate "2018.07.28"]

1. Nf3 c5 2. g3 Nc6 3. Bg2 g6 4. O-O Bg7 5. c4 d6 6. Nc3 Bf5 7. h3 Qd7 8. Kh2 e5
9. a3 Nge7 10. d3 h6 11. Rb1 O-O 12. b4 g5 13. Ne1 Rac8 14. Nc2 Be6 15. Nd5 Ng6
16. b5 Nce7 17. b6 Bxd5 18. cxd5 a6 19. e4 f5 20. Ne3 f4 21. Nc4 Rf6 22. Bf3 Rb8
23. Bg4 Qd8 24. Bd2 Kh7 25. Rg1 Nf8 26. Qe2 Neg6 27. Bf5 Kg8 28. Qh5 Ne7 29. Bg4
Qe8 30. gxf4 Qxh5 31. Bxh5 gxf4 32. Rg4 Kh7 33. Rbg1 Nfg6 34. d4 exd4 35. e5
dxe5 36. d6 Bf8 37. dxe7 Nxe7 38. Nxe5 Rxb6 39. Nd7 1-0

[Event "105th ch-GBR 2018"]
[Site "Hull ENG"]
[Date "2018.07.30"]
[Round "3.18"]
[White "Roberson, Peter T"]
[Black "Moore, Graham J"]
[Result "1-0"]
[WhiteTitle "IM"]
[WhiteElo "2401"]
[BlackElo "2218"]
[WhiteFideId "412384"]
[BlackFideId "441988"]
[EventDate "2018.07.28"]

1. e4 e6 2. d4 d5 3. Nd2 c5 4. Ngf3 cxd4 5. exd5 Qxd5 6. Bc4 Qd6 7. O-O Nf6 8.
Nb3 Nc6 9. Nbxd4 Nxd4 10. Nxd4 a6 11. Re1 Qc7 12. Bf1 Bd6 13. g3 O-O 14. Bg5 Ne8
15. Qf3 Qb6 16. Nb3 Bd7 17. Rad1 Bc6 18. Qg4 Qb4 19. c4 Bb5 20. Bd2 Qa4 21. Bc3
Be7 22. Nd4 Bd7 23. b3 Qa3 24. Bg2 Nf6 25. Qe2 Bc8 26. Nf5 Bb4 27. Nh6+ Kh8 28.
Qd2 Bxc3 29. Qxc3 Qc5 30. Rd8 Qe7 31. Rxf8+ Qxf8 32. Rd1 Qe7 33. Rd8+ Ne8 34.
Qb4 Qxb4 35. Rxe8+ Qf8 36. Rxf8# 1-0

[Event "105th ch-GBR 2018"]
[Site "Hull ENG"]
[Date "2018.07.30"]
[Round "3.19"]
[White "Macklin, Paul"]
[Black "Kalaiyalahan, Akshaya"]
[Result "1/2-1/2"]
[WhiteTitle "FM"]
[BlackTitle "FM"]
[WhiteElo "2363"]
[BlackElo "2138"]
[WhiteFideId "455865"]
[BlackFideId "422894"]
[EventDate "2018.07.28"]

1. e4 c5 2. Nf3 Nc6 3. c3 d5 4. exd5 Qxd5 5. d4 Bf5 6. Be2 cxd4 7. cxd4 Bxb1 8.
Rxb1 e6 9. a3 Bd6 10. O-O Nf6 11. Bg5 O-O 12. Rc1 Ne7 13. Bc4 Qa5 14. Qb3 Qb6
15. Qxb6 axb6 16. Bxf6 gxf6 17. g3 Ra5 18. Rc3 Rc8 19. Rfc1 Nd5 20. Bxd5 Rxc3
21. Rxc3 Rxd5 22. Rc8+ Kg7 23. Rd8 Bc7 24. Rxd5 exd5 25. Nh4 b5 26. Kf1 Bb6 27.
Ke2 Kh6 28. Ke3 Kg5 29. h3 Bc7 30. Kd3 f5 31. f4+ Kf6 32. Ng2 h5 33. Ne3 Ke6 34.
h4 Ba5 35. b4 Bd8 36. Nd1 Kd6 37. Nc3 Kc6 38. Nb1 f6 39. Nd2 Kd6 40. Nb3 b6 41.
Nd2 Ke6 42. Nf1 Bc7 43. Ne3 Bd8 44. Kc2 Bc7 45. Kb3 Bd8 46. a4 Bc7 47. Nd1 Kd6
48. Nc3 bxa4+ 49. Kxa4 Kc6 50. b5+ Kd6 51. Kb3 Ke6 1/2-1/2

[Event "105th ch-GBR 2018"]
[Site "Hull ENG"]
[Date "2018.07.30"]
[Round "3.21"]
[White "Fitzsimons, David"]
[Black "Maroroa, Sue"]
[Result "1/2-1/2"]
[WhiteTitle "FM"]
[BlackTitle "WIM"]
[WhiteElo "2328"]
[BlackElo "2104"]
[WhiteFideId "2501961"]
[BlackFideId "4301498"]
[EventDate "2018.07.28"]

1. Nf3 Nf6 2. c4 g6 3. g3 Bg7 4. Bg2 O-O 5. O-O d6 6. Nc3 Nc6 7. d3 e5 8. Rb1 a5
9. a3 h6 10. b4 axb4 11. axb4 Be6 12. b5 Ne7 13. Qb3 Qd7 14. Rd1 Bh3 15. Bh1
Rab8 16. Ba3 Ng4 17. Nd2 Kh7 18. c5 f5 19. cxd6 cxd6 20. Qb4 Rbd8 21. Rbc1 f4
22. Nce4 Nf5 23. Nf3 d5 24. Neg5+ hxg5 25. Nxg5+ Kg8 26. Nxh3 Nd4 27. Qe1 fxg3
28. hxg3 Rf6 29. Rc5 Qe6 30. e3 b6 31. Ng5 Qf5 32. Rxd5 Ra8 33. Rxd4 exd4 34.
Bxa8 Qxg5 35. Be7 dxe3 36. Bxf6 Bxf6 37. fxe3 Nxe3 38. Rd2 Bc3 39. Kh1 Qh6+ 40.
Kg1 Qg5 41. Kh1 Kg7 42. Qc1 Bxd2 43. Qxd2 Qxg3 44. Qb2+ Kf7 45. Qa2+ Kf6 46.
Qa1+ Kf7 47. Qa7+ Kf8 48. Qxb6 Qh4+ 49. Kg1 Qg3+ 50. Kh1 Qh3+ 51. Kg1 1/2-1/2

[Event "105th ch-GBR 2018"]
[Site "Hull ENG"]
[Date "2018.07.30"]
[Round "3.23"]
[White "Kalavannan, Koby"]
[Black "Verma, Aditya"]
[Result "1-0"]
[WhiteElo "2277"]
[BlackElo "2084"]
[WhiteFideId "425753"]
[BlackFideId "426202"]
[EventDate "2018.07.28"]

1. d4 d5 2. Nf3 Nf6 3. c4 c6 4. Qb3 dxc4 5. Qxc4 Bf5 6. g3 e6 7. Bg2 Nbd7 8. O-O
Be7 9. e3 O-O 10. Rd1 Qc7 11. Nc3 Rac8 12. Qe2 Ne4 13. Nh4 Nxc3 14. bxc3 Bxh4
15. gxh4 Nf6 16. e4 Bg6 17. Bf3 h6 18. h5 Bh7 19. Ba3 Rfd8 20. Qe3 Rd7 21. c4
Qa5 22. e5 Ne4 23. Bb2 Qb4 24. Qb3 Qe7 25. Qe3 Qh4 26. Bg2 f5 27. exf6 gxf6 28.
f3 Rg7 29. fxe4 Bxe4 30. Rd2 Rcc7 31. Kf1 Bxg2+ 32. Rxg2 Qxh5 33. Re1 Rxg2 34.
Kxg2 Rg7+ 35. Kh1 Kh8 36. d5 Qg6 37. Rg1 Qxg1+ 38. Qxg1 Rxg1+ 39. Kxg1 exd5 40.
Bxf6+ Kh7 41. cxd5 cxd5 42. Bd4 a5 43. a4 Kg6 44. Kf2 Kf5 45. Bb6 Ke4 46. Ke2 1-0

[Event "105th ch-GBR 2018"]
[Site "Hull ENG"]
[Date "2018.07.30"]
[Round "3.24"]
[White "Tozer, Philip A A"]
[Black "Pollack, Oscar"]
[Result "1-0"]
[WhiteElo "2142"]
[BlackElo "2064"]
[WhiteFideId "419982"]
[BlackFideId "429414"]
[EventDate "2018.07.28"]

1. c4 e5 2. g3 Nc6 3. Nc3 f5 4. Nf3 Nf6 5. d4 e4 6. Nh4 d6 7. Bg5 Be7 8. Ng2 O-O
9. Nf4 Ng4 10. Bxe7 Nxe7 11. h3 Nf6 12. e3 c5 13. Be2 Nc6 14. Qd2 a6 15. Rd1
cxd4 16. exd4 Qe8 17. Nfd5 Nxd5 18. Nxd5 Qd8 19. h4 Ne7 20. Nf4 Bd7 21. Kf1 b5
22. Qb4 Qb6 23. c5 dxc5 24. dxc5 Qb7 25. Qb3+ Kh8 26. h5 h6 27. Kg2 Rac8 28. Qc3
Rf6 29. Qe5 Re8 30. Qc3 Nc6 31. Ng6+ Kh7 32. Rd6 Rxd6 33. cxd6 Qb6 34. Rd1 Qd8
35. a4 bxa4 36. Bxa6 Qb6 37. Be2 Rb8 38. Rd2 Re8 39. Rc2 Rc8 40. Qd2 Re8 41. Qe3
Qb4 42. Qc5 Qb8 43. Bb5 Rc8 44. Qd5 Qb6 45. Bxc6 Rxc6 46. Nf8+ 1-0

[Event "105th ch-GBR 2018"]
[Site "Hull ENG"]
[Date "2018.07.30"]
[Round "3.25"]
[White "Jamroz, Krzysztof"]
[Black "Payne, Matthew J"]
[Result "0-1"]
[WhiteElo "2026"]
[BlackElo "2113"]
[WhiteFideId "1111850"]
[BlackFideId "417084"]
[EventDate "2018.07.28"]

1. e4 e6 2. d4 d5 3. Nd2 Nc6 4. Ngf3 Nf6 5. e5 Nd7 6. c3 f6 7. Bb5 a6 8. Bxc6
bxc6 9. O-O fxe5 10. dxe5 c5 11. Nb3 a5 12. Bg5 Be7 13. Bxe7 Qxe7 14. Re1 O-O
15. Nbd2 Bb7 16. Qa4 Rf5 17. Qh4 Qxh4 18. Nxh4 Rxe5 19. Rxe5 Nxe5 20. Re1 Nd3
21. Rxe6 Kf7 22. Re3 Nxb2 23. c4 dxc4 24. Rc3 Rd8 25. Nhf3 Bxf3 26. Rxf3+ Kg8
27. Nf1 Rd3 28. Rf5 Na4 29. Ne3 c3 30. Kf1 Rxe3 0-1

[Event "105th ch-GBR 2018"]
[Site "Hull ENG"]
[Date "2018.07.30"]
[Round "3.26"]
[White "Sugden, John N"]
[Black "Burke, Mitchell R"]
[Result "1/2-1/2"]
[WhiteElo "2090"]
[BlackElo "1988"]
[WhiteFideId "402001"]
[BlackFideId "416231"]
[EventDate "2018.07.28"]

1. e4 d5 2. exd5 Qxd5 3. Nc3 Qd6 4. Bc4 Nf6 5. d4 c6 6. Nge2 Bf5 7. Bf4 Qb4 8.
Bb3 e6 9. O-O Be7 10. Bc7 b6 11. Ng3 Bg6 12. f4 Na6 13. Be5 O-O-O 14. Qf3 Nb8
15. f5 exf5 16. Nxf5 Bxf5 17. Qxf5+ Kb7 18. a3 Qa5 19. Bxf7 Rhf8 20. Bc4 Bc5 21.
Rad1 Nd5 22. Qxh7 Ne3 23. b4 Bxb4 24. axb4 Qxb4 25. Qxg7+ Ka8 26. Rxf8 Qxf8 27.
Qxf8 Rxf8 28. Bb3 Nxd1 29. Nxd1 Nd7 30. Bd6 Re8 31. Kf2 Nf6 32. Nc3 b5 33. Bf7
Rd8 34. Be5 b4 35. Na4 Rf8 36. Bg6 Ng4+ 37. Ke2 Rf2+ 38. Kd3 Rxg2 39. Bg3 Nxh2
40. Bxh2 Rxh2 41. Kc4 a5 42. Nb6+ Kb7 43. Nd7 Rh3 44. Bd3 Kc7 45. Ne5 Kd6 46.
Nf7+ 1/2-1/2

[Event "105th ch-GBR 2018"]
[Site "Hull ENG"]
[Date "2018.07.30"]
[Round "3.29"]
[White "Jackson, Sheila"]
[Black "Britton, Richard L"]
[Result "0-1"]
[WhiteTitle "WGM"]
[BlackTitle "FM"]
[WhiteElo "2072"]
[BlackElo "2249"]
[WhiteFideId "402508"]
[BlackFideId "401692"]
[EventDate "2018.07.28"]

1. e4 c5 2. Nf3 d6 3. c3 Nf6 4. Be2 Nbd7 5. d3 g6 6. O-O Bg7 7. Nbd2 O-O 8. d4
Qc7 9. Bd3 b6 10. Qe2 cxd4 11. cxd4 e5 12. dxe5 dxe5 13. Nb3 Nh5 14. g3 Bb7 15.
Bg5 Ndf6 16. Rac1 Qe7 17. Rfe1 h6 18. Bd2 Rad8 19. Bc3 Nd7 20. Ba6 Bxa6 21. Qxa6
Nb8 22. Qb5 Rfe8 23. Nbd2 Qe6 24. a4 Qg4 25. Bxe5 a6 26. Qxb6 Nd7 27. Qxa6 Nxe5
28. Nxe5 Bxe5 29. Qe2 Qxe2 30. Rxe2 Bxb2 31. Rc2 Bd4 32. Kg2 Nf6 33. f3 Nd5 34.
Rc6 Nc3 35. Re1 Nxa4 36. Nb3 Bg7 37. Rec1 Nb2 38. h4 Nd3 39. Rb1 Ra8 40. Rd1
Red8 41. Kf1 Ne5 42. Rxd8+ Rxd8 43. Rc3 Ng4 44. Rc1 Nh2+ 45. Ke2 Nxf3 0-1

[Event "105th ch-GBR 2018"]
[Site "Hull ENG"]
[Date "2018.07.30"]
[Round "3.30"]
[White "Waddington, Mike P"]
[Black "Iyengar, Ilya"]
[Result "1/2-1/2"]
[WhiteTitle "FM"]
[WhiteElo "2110"]
[BlackElo "2017"]
[WhiteFideId "410497"]
[BlackFideId "405949"]
[EventDate "2018.07.28"]

1. Nc3 d5 2. e4 d4 3. Nce2 e5 4. Ng3 Be6 5. Nf3 f6 6. Be2 c5 7. d3 Nc6 8. O-O
Nge7 9. Nh5 Nc8 10. Nh4 g6 11. Ng3 Bg7 12. f4 Nd6 13. Bg4 Bf7 14. f5 g5 15. Nh5
Kf8 16. Nf3 Qe8 17. Nxg5 fxg5 18. Bxg5 Kg8 19. Nf6+ Bxf6 20. Bxf6 h5 21. Bxh8
Kxh8 22. Be2 Kg7 23. Rf3 Kf6 24. Rh3 Qd7 25. Qe1 Rh8 26. Qh4+ Kg7 27. Rg3+ Kf8
28. Rf1 Qe7 29. f6 Qe6 30. b3 Nb4 31. Rf2 Rh6 32. Bg4 Qe8 33. a3 Nc6 34. Bf5
Nxf5 35. Rxf5 Qe6 36. Rg7 Ke8 37. Qg5 Rh8 38. Rf3 a5 39. h4 b6 40. Rg3 b5 41.
Rf3 Nd8 42. Rf5 Nc6 43. Qg3 Rh6 44. Rgg5 Kd7 45. Rxe5 Nxe5 46. Rxe5 Qxf6 47. Rf5
Qe7 48. Qb8 Kc6 49. a4 bxa4 50. bxa4 Be8 51. Qb5+ Kc7 52. Qxa5+ Kb7 53. Rxc5 Ra6
54. Re5 Qd6 55. Qd5+ Qxd5 56. Rxd5 Rxa4 57. Kf2 Kc6 58. Kf3 Ra2 59. Rxd4 Rxc2
60. g4 hxg4+ 61. Kxg4 Rc5 62. Rd8 Bd7+ 63. Kf4 Rh5 64. Kg3 Re5 65. Rg8 Kd6 66.
Rg6+ Re6 67. Rxe6+ Kxe6 68. Kf4 Be8 69. Kg5 Bb5 70. d4 Bd3 71. Kf4 Be2 72. d5+
Kd6 73. Kg5 Bf3 74. Kf4 Be2 75. Kf5 Bf3 76. e5+ Kxd5 77. e6 Kd6 78. Kf6 Bh5 1/2-1/2

[Event "105th ch-GBR 2018"]
[Site "Hull ENG"]
[Date "2018.07.31"]
[Round "4.1"]
[White "Adams, Michael"]
[Black "Howell, David W L"]
[Result "1/2-1/2"]
[WhiteTitle "GM"]
[BlackTitle "GM"]
[WhiteElo "2706"]
[BlackElo "2687"]
[WhiteFideId "400041"]
[BlackFideId "410608"]
[EventDate "2018.07.28"]

1. e4 e6 2. d4 d5 3. Nd2 c5 4. Ngf3 cxd4 5. exd5 Qxd5 6. Bc4 Qd7 7. O-O Nc6 8.
Nb3 a6 9. Nbxd4 Nxd4 10. Nxd4 Qc7 11. Qe2 Bd6 12. h3 Ne7 13. Be3 O-O 14. Rad1 b5
15. Bb3 Ng6 16. c4 bxc4 17. Qxc4 Bh2+ 18. Kh1 Qxc4 19. Bxc4 Bf4 20. Bxf4 1/2-1/2

[Event "105th ch-GBR 2018"]
[Site "Hull ENG"]
[Date "2018.07.31"]
[Round "4.2"]
[White "Jones, Gawain C B"]
[Black "Hawkins, Jonathan"]
[Result "1-0"]
[WhiteTitle "GM"]
[BlackTitle "GM"]
[WhiteElo "2670"]
[BlackElo "2590"]
[WhiteFideId "409561"]
[BlackFideId "412686"]
[EventDate "2018.07.28"]

1. e4 e6 2. d4 d5 3. Nd2 dxe4 4. Nxe4 Nd7 5. Nf3 Ngf6 6. Nxf6+ Nxf6 7. g3 b6 8.
Bb5+ Bd7 9. a4 a6 10. Be2 Bc6 11. O-O Bd6 12. Ne5 Bxe5 13. dxe5 Nd7 14. Qd4 O-O
15. b4 Bd5 16. Rd1 c5 17. bxc5 bxc5 18. Qe3 Qc7 19. c4 Bb7 20. Bb2 Rfe8 21. Rd6
Bc6 22. Bf3 Bxf3 23. Qxf3 Nb6 24. Qe4 f5 25. Qd3 Ra7 26. Qe2 Nc8 27. Rd3 Rb7 28.
Rad1 Nb6 29. a5 Nxc4 30. Rd7 Qc6 31. Rxb7 Qxb7 32. Qxc4 Qxb2 33. Qxc5 Qe2 34.
Qd6 Kf7 35. h3 Re7 36. Rc1 Qb5 37. Qd1 g6 38. Qd8 Qxe5 39. Rc8 Qe1+ 40. Kg2 Qe4+
41. Kh2 e5 42. h4 Ke6 43. Qb6+ Kf7 44. Rh8 1-0

[Event "105th ch-GBR 2018"]
[Site "Hull ENG"]
[Date "2018.07.31"]
[Round "4.3"]
[White "Palliser, Richard J D"]
[Black "Emms, John M"]
[Result "1/2-1/2"]
[WhiteTitle "IM"]
[BlackTitle "GM"]
[WhiteElo "2418"]
[BlackElo "2488"]
[WhiteFideId "407372"]
[BlackFideId "400254"]
[EventDate "2018.07.28"]

1. e4 c5 2. Nf3 g6 3. d4 cxd4 4. Nxd4 Nc6 5. c4 Nf6 6. Nc3 d6 7. Be2 Nxd4 8.
Qxd4 Bg7 9. Be3 O-O 10. Qd2 Be6 11. f3 Rc8 12. Nd5 Nxd5 13. exd5 Bd7 14. O-O e6
15. Bg5 Qb6+ 16. Be3 Qd8 17. Bg5 Qb6+ 18. Be3 1/2-1/2

[Event "105th ch-GBR 2018"]
[Site "Hull ENG"]
[Date "2018.07.31"]
[Round "4.4"]
[White "Tan, Justin2"]
[Black "Hebden, Mark L"]
[Result "1/2-1/2"]
[WhiteTitle "IM"]
[BlackTitle "GM"]
[WhiteElo "2481"]
[BlackElo "2423"]
[WhiteFideId "3206882"]
[BlackFideId "400084"]
[EventDate "2018.07.28"]

1. e4 e5 2. Nf3 Nc6 3. Bb5 a6 4. Ba4 Nf6 5. O-O Be7 6. d3 b5 7. Bb3 d6 8. a3 O-O
9. Nc3 Qe8 10. Nd5 Bd8 11. c3 Na5 12. Bc2 Nxd5 13. exd5 Bg4 14. a4 Be7 15. axb5
axb5 16. b4 Nb7 17. Rxa8 Qxa8 18. d4 f5 19. h3 Bh5 20. dxe5 dxe5 21. g4 fxg4 22.
Nxe5 Bd6 23. Qd3 g6 24. hxg4 Bxe5 25. gxh5 Qc8 26. Qe4 Qf5 27. Qxf5 gxf5 28. Re1
Bxc3 29. Re3 Bd4 30. Re7 Rf7 31. Rxf7 Kxf7 32. Bxf5 Kg8 33. Bh6 Bg7 34. Bf4 Nd6
35. Be6+ Kf8 36. Be3 Bc3 37. Bc5 Kg7 38. f3 Nb7 39. Be7 Bf6 40. Bxf6+ Kxf6 41.
f4 Nd6 42. Kf2 c5 43. bxc5 Ne4+ 44. Ke3 Nxc5 45. Bg8 h6 46. Kd4 Nb7 47. Bh7 Ke7
48. Bd3 b4 49. Ba6 Nd6 50. Bd3 b3 51. Kc3 Ne8 52. Kxb3 Nf6 53. Bc4 Kd6 54. Kc3
Nxh5 55. Kd4 1/2-1/2

[Event "105th ch-GBR 2018"]
[Site "Hull ENG"]
[Date "2018.07.31"]
[Round "4.5"]
[White "Wells, Peter K"]
[Black "Eggleston, David J"]
[Result "1/2-1/2"]
[WhiteTitle "GM"]
[BlackTitle "IM"]
[WhiteElo "2426"]
[BlackElo "2397"]
[WhiteFideId "400327"]
[BlackFideId "412120"]
[EventDate "2018.07.28"]

1. d4 Nf6 2. c4 e6 3. Nf3 b6 4. g3 Bb7 5. Bg2 Be7 6. O-O O-O 7. Nc3 d5 8. cxd5
exd5 9. Bf4 Na6 10. Rc1 Re8 11. a3 c5 12. dxc5 bxc5 13. Qb3 Qc8 14. Be5 c4 15.
Qd1 Qe6 16. b4 cxb3 17. Qxb3 Nc5 18. Qb1 Rac8 19. Nb5 Qb6 20. Bh3 Nfd7 21. Bd4
Bc6 22. Nc3 Qxb1 23. Nxb1 Rc7 24. Ne5 Nxe5 25. Bxe5 Rb7 26. Rfd1 Bf8 27. Bd4 Nb3
28. Rxc6 Nxd4 29. Rxd4 Rxb1+ 30. Kg2 Rxe2 31. Rxd5 Rbb2 32. Rf5 Rec2 1/2-1/2

[Event "105th ch-GBR 2018"]
[Site "Hull ENG"]
[Date "2018.07.31"]
[Round "4.6"]
[White "Arkell, Keith C"]
[Black "McShane, Luke J"]
[Result "0-1"]
[WhiteTitle "GM"]
[BlackTitle "GM"]
[WhiteElo "2406"]
[BlackElo "2669"]
[WhiteFideId "400270"]
[BlackFideId "404853"]
[EventDate "2018.07.28"]

1. d4 Nf6 2. Nf3 g6 3. c4 Bg7 4. Nc3 O-O 5. g3 d6 6. Bg2 Nbd7 7. O-O e5 8. e4 c6
9. h3 Qa5 10. Re1 exd4 11. Nxd4 Ne5 12. Bf1 Qb6 13. Nb3 Be6 14. Be3 c5 15. Nd5
Bxd5 16. exd5 Rae8 17. Be2 Ne4 18. Qc2 f5 19. Nd2 Qd8 20. Rab1 Nf7 21. Nxe4 Rxe4
22. Bf3 Re7 23. Bd2 Bd4 24. Re6 Ne5 25. Bg2 Ref7 26. Bh6 f4 27. Bxf8 Rxf8 28.
gxf4 Rxf4 29. Rf1 Qh4 30. Rxd6 Qg3 31. Kh1 Bxf2 32. Rd8+ Kg7 33. Qc3 Rf3 34.
Qxe5+ Qxe5 35. Bxf3 Qe7 36. Ra8 Bg3 37. Bg2 Bd6 38. Rxa7 Kh6 39. Ra3 Qe5 40. Kg1
Qh2+ 41. Kf2 Qf4+ 42. Kg1 Qh2+ 43. Kf2 Qf4+ 44. Kg1 Qxc4 45. Rb3 Qd4+ 46. Kh1
Qe5 47. Kg1 c4 48. Rc3 b5 49. a3 Bc5+ 50. Kh1 Bd6 51. Kg1 Qh2+ 52. Kf2 Bc5+ 53.
Kf3 Qe5 0-1

[Event "105th ch-GBR 2018"]
[Site "Hull ENG"]
[Date "2018.07.31"]
[Round "4.7"]
[White "Houska, Jovanka"]
[Black "Pert, Nicholas"]
[Result "1/2-1/2"]
[WhiteTitle "IM"]
[BlackTitle "GM"]
[WhiteElo "2406"]
[BlackElo "2544"]
[WhiteFideId "405094"]
[BlackFideId "403989"]
[EventDate "2018.07.28"]

1. Nf3 f5 2. d3 Nc6 3. d4 e6 4. g3 Nf6 5. Bg2 b5 6. Ne5 Bb7 7. c4 Ne4 8. Nxc6
Bxc6 9. d5 Bb4+ 10. Bd2 Bxd2+ 11. Nxd2 exd5 12. cxd5 Bxd5 13. Nxe4 Bxe4 14. Bxe4
fxe4 15. Qd5 c6 16. Qh5+ g6 17. Qe5+ Kf7 18. Qxe4 Qf6 19. Qc2 Rae8 20. O-O Kg7
21. e4 Re7 22. Rad1 h5 23. f4 h4 24. e5 Qf5 25. Qxf5 gxf5 26. Kg2 Kf8 27. Rd6 a5
28. Rfd1 Ke8 29. e6 Rxe6 30. Rxd7 Rhh6 31. Rd8+ Kf7 32. R1d7+ Re7 33. gxh4 Rxh4
34. Kg3 Rg4+ 35. Kf3 Rh4 36. Kg3 Rg4+ 37. Kf3 Rh4 1/2-1/2

[Event "105th ch-GBR 2018"]
[Site "Hull ENG"]
[Date "2018.07.31"]
[Round "4.8"]
[White "Trent, Lawrence"]
[Black "Fodor, Tamas Jr."]
[Result "0-1"]
[WhiteTitle "IM"]
[BlackTitle "GM"]
[WhiteElo "2406"]
[BlackElo "2506"]
[WhiteFideId "408638"]
[BlackFideId "723762"]
[EventDate "2018.07.28"]

1. e4 e6 2. d4 d5 3. Nd2 c5 4. Ngf3 Nf6 5. e5 Nfd7 6. c3 Nc6 7. Bd3 f6 8. exf6
Nxf6 9. O-O cxd4 10. cxd4 Bd6 11. Re1 O-O 12. Nf1 Qb6 13. h3 Bd7 14. b3 Rae8 15.
Bb2 Re7 16. Rc1 Be8 17. Ng3 Bxg3 18. fxg3 e5 19. Rxc6 Bxc6 20. Ba3 Ree8 21. Bc5
Qa5 22. b4 Qxa2 23. Re2 Qa4 24. Qxa4 Bxa4 25. dxe5 Bd1 26. Rd2 Bxf3 27. exf6 Be4
28. Bxf8 Kxf8 29. fxg7+ Kxg7 30. Bxe4 Rxe4 31. b5 d4 32. Kf2 Kf6 33. Rd3 Ke6 34.
Ra3 Re5 35. Rxa7 Rxb5 36. g4 Kd5 37. Ra8 Kc4 38. Rc8+ Kd3 39. Rh8 Rc5 40. Rxh7
b5 41. h4 b4 42. Rb7 Kc3 43. h5 d3 44. h6 d2 45. h7 Rc8 46. Rc7+ Rxc7 47. h8=Q+
Kc2 48. Qd8 Rf7+ 49. Ke2 Re7+ 50. Qxe7 d1=Q+ 51. Kf2 Qd4+ 52. Kf3 b3 53. Qe2+
Qd2 54. Qe8 Qd3+ 55. Kf4 b2 56. Qa4+ Kc1 0-1

[Event "105th ch-GBR 2018"]
[Site "Hull ENG"]
[Date "2018.07.31"]
[Round "4.9"]
[White "Roberson, Peter T"]
[Black "Ghasi, Ameet K"]
[Result "0-1"]
[WhiteTitle "IM"]
[BlackTitle "IM"]
[WhiteElo "2401"]
[BlackElo "2494"]
[WhiteFideId "412384"]
[BlackFideId "409200"]
[EventDate "2018.07.28"]

1. e4 d6 2. d4 Nf6 3. Nc3 g6 4. Be3 c6 5. h3 Nbd7 6. Nf3 e5 7. a4 Qe7 8. dxe5
dxe5 9. Nd2 Nc5 10. Qf3 Bg7 11. Bc4 O-O 12. O-O Nh5 13. Nb3 Ne6 14. Bxe6 Qxe6
15. Rfd1 Re8 16. Rd2 Qe7 17. a5 Qc7 18. Nc5 Nf4 19. b4 Qe7 20. Ne2 Ne6 21. c3
Nxc5 22. Bxc5 Qh4 23. Rad1 Be6 24. Qg3 Qxe4 25. f3 Qc4 26. Qf2 a6 27. Qe3 Bd5
28. Bb6 f5 29. Rb1 f4 30. Qc5 g5 31. Rbd1 Qxc5+ 32. Bxc5 e4 33. fxe4 Rxe4 34.
Bd4 Bf8 35. Nc1 Rae8 36. Kf2 Re3 37. Rd3 R3e6 38. R3d2 Bh6 39. Nd3 Re3 40. Re1
Rxe1 41. Nxe1 Bg7 42. Nc2 h6 43. Bxg7 Kxg7 44. h4 g4 45. Rd4 g3+ 46. Kf1 Be4 47.
Na3 f3 48. gxf3 Bxf3 49. Nc2 Re2 50. Rf4 g2+ 51. Kg1 Be4 52. Rg4+ Kf6 53. Nd4
Re1+ 54. Kf2 Rf1+ 55. Ke3 g1=Q+ 0-1

[Event "105th ch-GBR 2018"]
[Site "Hull ENG"]
[Date "2018.07.31"]
[Round "4.10"]
[White "Adair, James R"]
[Black "Bradbury, Neil H"]
[Result "1/2-1/2"]
[WhiteTitle "IM"]
[BlackTitle "IM"]
[WhiteElo "2492"]
[BlackElo "2348"]
[WhiteFideId "406252"]
[BlackFideId "400513"]
[EventDate "2018.07.28"]

1. e4 c5 2. Nf3 e6 3. d4 cxd4 4. Nxd4 Nc6 5. Nc3 Qc7 6. Be3 a6 7. Be2 Nf6 8. O-O
Bb4 9. Na4 Be7 10. Nxc6 bxc6 11. Nb6 Rb8 12. Nxc8 Qxc8 13. e5 Nd5 14. Bc1 Bc5
15. c4 Ne7 16. b3 Qc7 17. Bb2 O-O 18. Bd3 Ng6 19. Re1 Qb6 20. Qf3 Rbd8 21. Rad1
a5 22. Bc2 a4 23. g3 axb3 24. axb3 Ra8 25. Re2 Ra2 26. Bb1 Ra7 27. h4 Rb8 28.
Bc2 Nf8 29. h5 h6 30. Kg2 Ba3 31. Bd4 Bc5 32. Bb2 Ba3 33. Ba1 Rba8 34. Re4 Be7
35. Bc3 Ra2 36. Rd2 Bb4 37. c5 Bxc5 38. Rf4 Rxc2 39. Rxc2 Qxb3 40. Rb2 Qd5 41.
Rxf7 Ra3 42. Qxd5 exd5 43. Rf3 Ne6 44. Rb8+ Kh7 45. Bb4 Bxb4 46. Rxb4 Ra7 47.
Rb8 d4 48. Re8 Ra5 49. Rb3 Rxe5 50. Rbb8 Rxh5 51. Kf3 Rd5 52. Ke2 c5 53. Kd3 Rd6
54. Rec8 Kg6 55. Ke4 d3 56. Rb1 Kf6 57. Ke3 Rd5 58. Rd1 Re5+ 59. Kxd3 d5 60. Rc6
Kf5 61. Rd6 1/2-1/2

[Event "105th ch-GBR 2018"]
[Site "Hull ENG"]
[Date "2018.07.31"]
[Round "4.11"]
[White "Wall, Tim P"]
[Black "Gormally, Daniel W"]
[Result "0-1"]
[WhiteTitle "FM"]
[BlackTitle "GM"]
[WhiteElo "2234"]
[BlackElo "2478"]
[WhiteFideId "401641"]
[BlackFideId "406465"]
[EventDate "2018.07.28"]

1. d4 Nf6 2. Bg5 e6 3. e4 h6 4. Bxf6 Qxf6 5. c3 d5 6. Nd2 c5 7. Ngf3 Nc6 8. Bb5
cxd4 9. Nxd4 Bd7 10. O-O a6 11. exd5 exd5 12. Re1+ Be7 13. Bxc6 bxc6 14. Qe2 c5
15. N4b3 Be6 16. c4 dxc4 17. Nxc4 O-O 18. Rac1 Rab8 19. Nba5 Rfc8 20. Qe4 Bf8
21. Nc6 Rxb2 22. Nxb2 Qxb2 23. Rc2 Qb7 24. Ne5 Qxe4 25. Rxe4 Bf5 26. Ree2 Bxc2
27. Rxc2 Re8 28. Nf3 f6 29. Kf1 Kf7 30. Nd2 Ke6 31. Nc4 Kd5 32. Ne3+ Kc6 33. Ke2
f5 34. Kf3 g6 35. Rc4 h5 36. h3 Bh6 37. g4 Bxe3 38. fxe3 Kb5 39. Rc3 c4 40. a3
hxg4+ 41. hxg4 fxg4+ 0-1